000 00456nam a2200145Ia 4500
003 OSt
005 20260120102506.0
008 211028s2014 xx 000 0 und d
040 _cAIMIT LIBRARY
041 _aeng
100 _aKhan, Anwar; Wright, Rowena.
_g1216011
_97127
245 _aStudy on effective promotional strategy for the promotion of Manipal arogya card in Dakshina Kannada /
260 _aMangalore
_bRowena Wright
_c2014
942 _2ddc
_cPRO
999 _c218697
_d218697